Statystyki dla Federacje krajowe należące do CONCACAF

Kliknij tutaj aby rozwiązać quiz!

Ogólne statystyki

  • Ten quiz został rozwiązany 31 razy
  • Średni wynik to 28 z 41

Statystyki odpowiedzi

Federacja/Państwo% Poprawnych
Meksyk
100%
Stany Zjednoczone
100%
Honduras
92%
Kanada
92%
Kostaryka
92%
Panama
92%
Gwatemala
88%
Kuba
88%
Antigua i Barbuda
84%
Haiti
84%
Jamajka
84%
Bahamy
80%
Dominika
80%
Dominikana
80%
Nikaragua
80%
Saint Lucia
80%
Saint Vincent i Grenadyny
80%
Belize
76%
Saint Kitts i Nevis
76%
Salwador
76%
Trynidad i Tobago
76%
Barbados
72%
Grenada
72%
Brytyjskie Wyspy Dziewicze
68%
Wyspy Dziewicze Stanów Zjednoczonych
68%
Aruba
64%
Bermudy
60%
Portoryko
60%
Curaçao
56%
Gujana
56%
Surinam
56%
Gwadelupa
52%
Martynika
52%
Anguilla
40%
Gujana Francuska
40%
Kajmany
40%
Montserrat
40%
Saint-Martin
40%
Bonaire
32%
Turks i Caicos
32%
Sint Maarten
24%

Rozkład punktacji

Percentyl według liczby udzielonych odpowiedzi

Procent ludzi z każdym wynikiem

Twoja historia wyników

Nie rozwiązałeś tego quizu